[Event "Capablanca Memorial op 53rd"]
[Site "Havana"]
[Date "2018.05.15"]
[Round "6"]
[White "Jaksland, Tim"]
[Black "De la Torre Rodriguez, Elizabeth"]
[Result "1-0"]
[WhiteElo "2226"]
[BlackElo "2068"]
[PlyCount "61"]
[EventDate "2018.05.09"]
[EventType "swiss"]
[EventRounds "10"]
[EventCountry "CUB"]
[SourceTitle "EXT 2021"]
[Source "ChessBase"]
[SourceDate "2020.10.23"]
[SourceVersion "1"]
[SourceVersionDate "2020.10.23"]
[SourceQuality "1"]

1. Nf3 Nf6 2. c4 e6 3. g3 b6 4. Bg2 Bb7 5. 0-0 Be7 6. Nc3 0-0 7. b3 d5 8. e3 c5 9. Bb2 Nc6 10. cxd5 exd5 11. d4 Rc8 12. Rc1 Ba6 13. Re1 Ne4 14. dxc5 Nb4 15. Nxe4 dxe4 16. Ne5 Bf6 17. Bxe4 Qxd1 18. Rexd1 Bxe5 19. Bxe5 Rce8 20. f4 f6 21. a3 fxe5 22. axb4 exf4 23. Bd5+ Kh8 24. exf4 bxc5 25. bxc5 Bb5 26. Re1 Rd8 27. Re5 g6 28. c6 Rc8 29. Re7 Rfd8 30. Rc5 a6 31. c7 1-0

[Event "Capablanca Memorial op 53rd"]
[Site "Havana"]
[Date "2018.05.12"]
[Round "4"]
[White "Heredia Perez, Hector"]
[Black "De la Torre Rodriguez, Elizabeth"]
[Result "1-0"]
[WhiteElo "2302"]
[BlackElo "2068"]
[PlyCount "149"]
[EventDate "2018.05.09"]
[EventType "swiss"]
[EventRounds "10"]
[EventCountry "CUB"]
[SourceTitle "EXT 2021"]
[Source "ChessBase"]
[SourceDate "2020.10.23"]
[SourceVersion "1"]
[SourceVersionDate "2020.10.23"]
[SourceQuality "1"]

1. e4 c5 2. Nf3 e6 3. c3 d5 4. exd5 Qxd5 5. d4 Nf6 6. Bd3 Nc6 7. 0-0 cxd4 8. cxd4 Be7 9. Nc3 Qd6 10. Nb5 Qd8 11. Bf4 Nd5 12. Bg3 a6 13. Nc3 0-0 14. Rc1 Ndb4 15. Bb1 Bf6 16. a3 Nd5 17. Qd3 g6 18. Ne4 Be7 19. Nc5 Bf6 20. b4 Nce7 21. Be5 Nf5 22. Rfd1 b6 23. Ne4 Bg7 24. g4 Nh4 25. Nxh4 Qxh4 26. Qg3 Qxg3+ 27. hxg3 f6 28. Bf4 Rd8 29. Ba2 Bb7 30. Nd6 Nxf4 31. Nxb7 Ne2+ 32. Kf1 Nxc1 33. Bxe6+ Kf8 34. Rxc1 Rxd4 35. Rc7 Re8 36. Rf7+ Kg8 37. Rd7+ Kf8 38. Rxd4 Rxe6 39. Rd8+ Ke7 40. Ra8 Kd7 41. Rxa6 Kc7 42. Nc5 Re7 43. Na4 b5 44. Ra7+ Kd6 45. Rxe7 Kxe7 46. Nc3 f5 47. Nxb5 fxg4 48. Ke2 Ke6 49. Kd3 Kd5 50. Nc7+ Kc6 51. Ne6 Bb2 52. a4 Ba3 53. Kc4 h5 54. Nf4 g5 55. Nxh5 Bb2 56. a5 Be5 57. b5+ Kb7 58. Kc5 Bc3 59. a6+ Ka7 60. Kc4 Bb2 61. Kd5 Kb6 62. Ke4 Ba1 63. Kf5 Bd4 64. Nf6 Bxf2 65. Ne4 Bd4 66. Nd6 Bc5 67. Nc8+ Kc7 68. a7 Kb7 69. b6 Be3 70. Nd6+ Ka8 71. Nc4 Bc1 72. Ke6 Kb7 73. Kd7 Bf4 74. Nd6+ Ka8 75. Kc7 1-0

[Event "Maria Teresa Mora Memorial Premier"]
[Site "Havana"]
[Date "2018.??.??"]
[Round "1"]
[White "Portal Ramos, Cristian"]
[Black "De la Torre Rodriguez, Elizabeth"]
[Result "1/2-1/2"]
[WhiteElo "2106"]
[BlackElo "2087"]
[PlyCount "31"]
[EventDate "2018.03.08"]
[EventType "tourn"]
[EventRounds "9"]
[EventCountry "CUB"]
[SourceTitle "EXT 2021"]
[Source "ChessBase"]
[SourceDate "2020.10.23"]
[SourceVersion "1"]
[SourceVersionDate "2020.10.23"]
[SourceQuality "1"]

1. e4 c5 2. Nf3 Nc6 3. d4 cxd4 4. Nxd4 Qc7 5. Nc3 e6 6. Be3 Nf6 7. f3 a6 8. Be2 Bb4 9. a3 Bxc3+ 10. bxc3 d5 11. 0-0 dxe4 12. fxe4 Nxe4 13. Bd3 Nxc3 14. Qg4 f5 15. Nxf5 exf5 16. Bxf5 1/2-1/2